| 000 | 00355nam a22001337a 4500 | ||
|---|---|---|---|
| 999 |
_c533949 _d533949 |
||
| 003 | NUST | ||
| 038 | _awaseem | ||
| 082 |
_a333.793211 _bAZH |
||
| 100 |
_aAzhar, Tanveer _928015 |
||
| 245 |
_aThe Quest for Power: _bPakistan's Policy Options for the Nineties / _cTanveer Azhar |
||
| 260 |
_aLahore : _bFerozson, _c1991. |
||
| 300 | _a253 p. | ||
| 942 |
_2ddc _cBK |
||